000 00462nam a2200181Ia 4500
003 IN-BaIIA
008 211028s9999 xx 000 0 eng d
020 _a471-20629-6
040 _cIIA Library
080 _a533
_bDEL-2
100 _aDelcroix, J. L
_96596
245 0 _aPlasma physics
_cJ. L. Delcroix
260 _aLondon
_bJohn Wiley & Sons
_c1968
300 _aviii, 188p.
650 _aIonized gases
_91896
650 _aPlasma physics
_93732
942 _cBK
999 _c3714
_d3714